Manual de medios audiovisuales para la educación general básica
Saved in:
| Hovedforfatter: | |
|---|---|
| Format: | Bog |
| Sprog: | spansk |
| Udgivet: |
Madrid
Paraninfo
1972
|
| Serier: | Biblioteca de Innovación Educativa, Serie V Tecnología Educativa
|
| Fag: | |
| Tags: |
Tilføj Tag
Ingen Tags, Vær først til at tagge denne postø!
|
MARC
| LEADER | 00000nam a2200000 a 4500 | ||
|---|---|---|---|
| 001 | UCY8637 | ||
| 003 | CL-VaPUC | ||
| 008 | 950703e19720000SP |||||||||||||||||spa|d | ||
| 082 | 0 | 4 | |a 371.335 |b GOO |2 21 |
| 100 | 0 | |a Goodwin, Arthur B |e author |9 340209 | |
| 245 | 1 | 0 | |a Manual de medios audiovisuales para la educación general básica |
| 300 | |a 217 p | ||
| 942 | |c BK | ||
| 945 | |d 19950703 00:00:00 |a lriquelm | ||
| 260 | |a Madrid |b Paraninfo |c 1972 | ||
| 650 | 0 | |a Métodos de enseñanza |9 270413 | |
| 650 | 7 | |a MATERIAL AUDIOVISUAL |2 CL-VaPUC |9 308466 | |
| 650 | 0 | |a Educación básica |9 224933 | |
| 650 | 0 | |a Planificación del currículo |9 269599 | |
| 583 | |a last modification |c 20170822 12:47:31 |k Rodrigo Vera | ||
| 490 | 0 | |a Biblioteca de Innovación Educativa, Serie V Tecnología Educativa | |
| 999 | |c 235865 |d 235863 | ||
| 952 | |0 0 |1 0 |4 0 |6 371_335000000000000_GOO_1972 |7 0 |8 P |9 243552 |a BIBEDU |b BIBEDU |c BIBEDU_PB |d 2019-11-18 |i 152707K |o 371.335 GOO 1972 |p 152707K |r 2024-01-25 |w 2019-11-18 |y BK |k EDU | ||
| 952 | |0 0 |1 0 |4 0 |6 371_335000000000000_GOO_1972 |7 0 |8 P |9 243553 |a BIBEDU |b BIBEDU |c BIBEDU_PB |d 2019-11-18 |i 1602608 |o 371.335 GOO 1972 |p 1602608 |r 2024-01-25 |w 2019-11-18 |y BK |k EDU | ||